000 00411cam a2200133 4500500
005 20260329025040.0
041 _afre
042 _adc
245 0 0 _aRevue des livres
260 _c2005.
500 _a1
786 0 _nRevue d'économie politique | 115 | 4 | 2005-08-01 | p. 520-522 | 0373-2630
856 4 1 _uhttps://shs.cairn.info/revue-d-economie-politique-2005-4-page-520?lang=fr&redirect-ssocas=7080
999 _c1937364
_d1937364